000 00982nam a22003017a 4500
003 CHAP
005 20220329135107.0
008 971013s1987 r 00010 d
010 _a30817
011 _a31789
035 _a35901
040 _cCHAP
090 _aFolleto 11281
100 0 0 _aMarmolejo, José G.
_971472
245 _aEstudio sobre la condición de un bosque de encino (Quercus affinis Scheid) en Nuevo León
260 _aLinares, N.L. :
_bUANL. Facultad de Silvicultura y Manejo de Recursos Renovables,
_c1987
300 _a13 p
490 _aReporte científico
_v; 7
590 _aBATCH-UPD
_b10
_c20130110
_lUCH01
_h1535
590 _aBATCH-UPD
_b10
_c20130410
_lUCH01
_h0940
590 _aBATCH-UPD
_b10
_c20130914
_lUCH01
_h1831
590 _aCONVERSION
_b10
_c20130109
_lUCH01
_h1317
650 1 4 _aQuercus.
_993173
830 0 _aReporte científico
_v; 7
_995998
901 _aBK
942 _cFOLL
949 _aFolleto 11281
_bBC
_cFOLL
_d-82892
_eTS1
_i35901
_si
999 _c30817
_d30817